Investičné banky v období finančnej krízy

V oblasti investičného bankovníctva došlo počas rokov 2007-2009 k dramatickým zmenám. Investičné banky boli prinútené zmeniť svoj tradičný prístup obchodovania. Vysoká miera rizika v kombinácii s veľkým pomerom dlhu k vlastnému kapitálu, prispela k transformácii celého odvetvia investičného bankovní...

Celý popis

Uložené v:
Podrobná bibliografia
Hlavný autor: Oravíková Podoliaková, Katarína
Médium: Kapitola
Jazyk:Slovak
Predmet:
Tagy: Pridať tag
Žiadne tagy, Buďte prvý, kto otaguje tento záznam!

MARC

LEADER 00000nla a2200000 4500
001 0151162
005 20240502072717.6
041 0 |a slo 
044 |a SK 
245 1 0 |a Investičné banky v období finančnej krízy  |c Katarína Oravíková Podoliaková 
520 |a V oblasti investičného bankovníctva došlo počas rokov 2007-2009 k dramatickým zmenám. Investičné banky boli prinútené zmeniť svoj tradičný prístup obchodovania. Vysoká miera rizika v kombinácii s veľkým pomerom dlhu k vlastnému kapitálu, prispela k transformácii celého odvetvia investičného bankovníctva. Bankrot niekoľkých dôležitých investičných spoločností. Zásadná transformácia piatich kľúčových hráčov v oblasti globálneho investičného bankovníctva. Negatíva a pozitíva, ktoré priniesla finančná kríza pre investičné banky. 
610 2 0 |a bankovníctvo investičné 
610 2 0 |a banky investičné 
610 2 0 |a kríza finančná 
100 1 |a Oravíková Podoliaková, Katarína